| 000 | 00912nam a22002897a 4500 | ||
|---|---|---|---|
| 001 | 5787 | ||
| 003 | FISKH | ||
| 005 | 20250122124011.0 | ||
| 008 | 250122b cb ||||| |||| 00| 0 eng d | ||
| 020 | _a078073165490 | ||
| 040 |
_aFISKH _beng _cFISKH _dFISKH |
||
| 050 | _aPZ7 | ||
| 082 | _a371 | ||
| 100 | _aLewison, Wendy Cheyette | ||
| 245 |
_aZack the lazy zebra / _cby Wendy Cheyette Lewison ; Illustrated by Clive Scruton |
||
| 260 |
_aNew York : _bScholastic, _c2001. |
||
| 300 |
_a16 pages : _bcolor illustrations ; _c26 cm |
||
| 490 | _aAlpha Tales | ||
| 505 | _aD | ||
| 520 | _aLearning the ABCs is loads of fun with this totally charming collection of alliterative stories. Alpha Tales. | ||
| 521 | 8 |
_a160
_bLexile estimate |
|
| 521 | 8 |
_aD
_bRaz-Plus |
|
| 650 |
_aAlpha Tales _vLetter z |
||
| 700 |
_aSchruton, Clive _eillustrator |
||
| 942 |
_2ddc _cBK _n0 |
||
| 999 |
_c5787 _d5787 |
||